00386nam a2200157 a 450000100060000000300090000600800410001502000150005604000280007108200130009910000160011224500390012826000290016730000080019665000240020414033CO-ViMGA141112s2004 ck r 000 u spa d a8479022264 aCO-ViMGAbspacCO-ViMGA04a796 P1471 aPaish, Wilf10aManual de las ciencias del deporte aMadrid : bTutor, c1999 a23814aDEPORTES - MANUALES